Movies Quiz

Random Movies Quiz

Ashton Kutcher Movies Quiz Stats

 Plays Quiz not verified by Sporcle

Support Sporcle.
Go Orange.
Score 0/21 Timer 05:00
0 Plays Today
Year Movie % Correct
2000Dude, Where's My Car?
82.6%
2004The Butterfly Effect
69.6%
2003Just Married
60.9%
2003Cheaper by the Dozen
60.9%
2010Killers
56.5%
2008What Happens In Vegas
52.2%
2010Valentine's Day
52.2%
2005Guess Who
47.8%
2006The Guardian
47.8%
2006Open Season
47.8%
2011No Strings Attached
43.5%
Year Movie % Correct
2011New Year's Eve
43.5%
2000Down To You
34.8%
2003My Boss's Daughter
34.8%
2006Bobby
34.8%
2005A Lot Like Love
30.4%
2009Spread
30.4%
1999Coming Soon
21.7%
2000Reindeer Games
21.7%
2001Texas Rangers
21.7%
2009Personal Effects
21.7%

You're not logged in!

Compare scores with friends on all Sporcle quizzes.
OR
Log In

From the Vault

Shakespeare Fill-in-the-Blank

by LTH

As the bard said, 'When words are scarce they are seldom spent in vain'
Remove Ads.
Support Sporcle.
Get the best of Sporcle when you Go Orange. This ad-free experience offers more features, more stats, and more fun while also helping to support Sporcle. Thank you for becoming a member.

Show Comments

Extras

Created Feb 22, 2012ReportNominate
Tags:ashton, Ashton Kutcher, Kutcher

Top Quizzes Today


Score Distribution

Your Account Isn't Verified!

In order to create a playlist on Sporcle, you need to verify the email address you used during registration. Go to your Sporcle Settings to finish the process.

Report this User

Report this user for behavior that violates our Community Guidelines.

Details: